A-Z Songs - Statistics

General Stats
  • This quiz has been taken 22 times
  • The average score is 11 of 26
Answer Stats
# Answer / Lyric Excerpt Artist % Correct
K Everybody was {Kung Fu fighting} / Those cats were fast as lightning Carl Douglas
85%
E It's the {eye of the tiger} / It's the thrill of the fight Survivor
80%
T {Take on me} / Take me on / I'll be thine / Any day or two A-Ha
80%
B I'm {blue}, da ba dee, da ba dai Eiffel 65
75%
J {Jolene}, {Jolene} / I'm begging of you, please don't take my man Dolly Parton
65%
U {Under pressure}, pushin' down on me, pushin' down on me Queen, David Bowie
65%
M Hi! {My name is} / What? {My name is} / Huh? {My name is} / Slim Shady Eminem
60%
P I should be wiser and realise that I've got / One less {problem} without you Ariana Grande
60%
S I just wanna be part of your {symphony} / Will you hold me tight and not let go? Clean Bandit, Zara Larsson
55%
H I was gonna be that one-in-a-million / Always had high, {high hopes} Panic! at the Disco
55%
R Welcome to the new age, to the new age / Whoa-oh-oh I'm {radioactive} Imagine Dragons
55%
W {Welcome to the jungle} / We got fun and games / We got everythin' you want Guns N' Roses
50%
F We out here dripping' in {finesse} / It don't make no sense Bruno Mars, Cardi B
50%
A You just want {attention} / You don't want my heart Charlie Puth
50%
G 영원히 깨질 수 없는 / Gonna be, gonna be {golden} HUNTR/X
35%
L I check it once, then I check it twice, oh / Ooh, {look what you made me do} Taylor Swift
30%
V Because they're gonna taste my {venom} / (I got that) adrenaline momentum Eminem
25%
Z Herc was a kid with his act down pat / {Zero to hero} ― in no time flat Disney's Hercules
20%
N She was {Nancy Mulligan} / And I was William Sheeran Ed Sheeran
20%
I And maybe I enjoy it just a little bit / Does that make me {insane}? Black Gryph0n, Baasik
10%
O {One day more} / Another day, another destiny Claude-Michel Schönberg
10%
D I'm a {dopamine addict} / Can't break the habit / Runs in my head Alec Benjamin
5%
Y I'm speeding up / And this is the red, orange {yellow flicker beat} Lorde
5%
C When you get too in your head / I'll bring you {coffee in bed} Pentatonix
5%
Q {Quit playin' games with my heart} / Before you tear us apart (my heart) The Backstreet Boys
0%
X {Xxplosive} / West coast **** Dr Dre
0%
No matching quizzes found
Score Distribution
Percent of People with Each Score
Percentile by Number Answered
Your Score History
You have not taken this quiz